Biblioteca

A universal theology of religion? (Registro nro. 70269)

Detalles MARC
000 -LÍDER
Campo fijo de descripción fija 01543nab a2200229 i 4500
001 - NÚMERO DE CONTROL
Campo de control 768714001
003 - IDENTIFICADOR DEL NÚMERO DE CONTROL
Campo de control CO-MdFUSB
005 - FECHA Y HORA DE LA ULTIMA TRANSACCIÓN
control field 20240618155535.0
008 - ELEMENTOS DE LONGITUD FIJA -- INFORMACIÓN GENERAL
Campo fijo de descripción fija -- Información general 240618t1991 us ||||| |||| 00| 0 eng d
040 ## - FUENTE DE CATALOGACIÓN
Idioma de catalogación spa
Agencia que realiza la transcripción CO-MdFUSB
Agencia que realiza la modificación CO-MdFUSB
041 ## - CÓDIGO DE IDIOMA
Código de idioma para texto/pista de sonido o título separado eng
100 ## - ASIENTO PRINCIPAL--NOMBRE PERSONAL
Nombre personal Pickard, William M. Jr.,
Término relacionador autor
245 ## - TÍTULO
Título A universal theology of religion?
Mención de responsabilidad /William M. Pickard, Jr.
520 ## - NOTA DE RESUMEN, ETC.
Nota de sumario, etc. El hecho de una pluralidad de religiones implica para muchos teólogos cristianos que debemos desarrollar una “teología universal de la religión” basada en el relativismo. Este artículo rechaza el relativismo y cuestiona si puede haber una “teología” universal cuando las creencias y valores de algunas religiones en realidad no son teístas. De hecho, las religiones como partes de la cultura son relativas entre sí. Sin embargo, este artículo sostiene que los absolutos son esenciales en toda vida y que aferrarse a absolutos religiosos no implica actitudes de superioridad siempre que estemos abiertos a reconocer y respetar absolutos contradictorios con los que no estamos de acuerdo y a dialogar con quienes sostienen esos absolutos opuestos. absolutos.
546 ## - NOTA DE IDIOMA
Nota de idioma Texto en inglés.
650 #7 - ASIENTO SECUNDARIO DE MATERIA - TERMINO TEMÁTICO
Término temático o nombre geográfico como elemento de entrada Análisis transcultural
9 (RLIN) 7076
650 #7 - ASIENTO SECUNDARIO DE MATERIA - TERMINO TEMÁTICO
Término temático o nombre geográfico como elemento de entrada Antropología cultural y social
9 (RLIN) 6714
650 #7 - ASIENTO SECUNDARIO DE MATERIA - TERMINO TEMÁTICO
Término temático o nombre geográfico como elemento de entrada Religiones
9 (RLIN) 386
773 0# - ASIENTO DE ITEM FUENTE
Biblionumber 49486
Itemnumber 82782
Lugar, editorial y fecha de publicación Pasadena
Otro identificador del ítem R2657
Título Missiology:
Número de control del registro (CO-MdFUSB)97
Parte(s) relacionada(s) / Volumen., número. (mes año), páginas Volumen 19, (número 2, 1991) páginas: 143 - 152
Enumeración y primera página página: 143
942 ## - TIPO DE MATERIAL (KOHA)
Tipo de Item KOHA Artículos de Revista
945 ## - INFORMACIÓN LOCAL DEL REGISTRO
Catalogador Catherine Arias Álvarez - Practicante SENA

No hay ítems disponibles.

Biblioteca FUSBC | Teléfono: (57+4) 349 88 10 Ext. 141| WhatsApp (+57) 3005338115 
E-mail: biblioteca@unisbc.edu.co | Calle 76 87-14 Robledo Palenque, Medellín, Colombia

Con tecnología Koha